[Event "20th Asia-ch (w)"]
[Site "Tashkent UZB"]
[Date "2016.06.01"]
[Round "7.10"]
[White "Pham Le Thao Nguyen"]
[Black "Gong Qianyun"]
[Result "1-0"]
[WhiteElo "2348"]
[BlackElo "2293"]
[EventDate "2016.05.26"]
[PlyCount "125"]

1.d4 e6 2.Nf3 Nf6 3.g3 b6 4.Bg2 Bb7 5.O-O Be7 6.c4 O-O 7.Nc3 Ne4 8.Qc2 
Nxc3 9.Qxc3 c5 10.Be3 d6 11.Rfd1 Qc7 12.Rac1 Nc6 13.Qd2 Rad8 14.d5 exd5 
15.cxd5 Nb8 16.b4 Qd7 17.bxc5 bxc5 18.Qa5 Ba6 19.Bf1 Bf6 20.Bd2 Rfe8 21.e3
Bxf1 22.Kxf1 Qf5 23.Kg2 Nd7 24.Bc3 Qe4 25.Bxf6 gxf6 26.Qa6 Ne5 27.Qe2 Rb8 
28.Rd2 Rb6 29.Rdc2 Reb8 30.Rc4 Nxc4 31.Rxc4 Qxd5 32.Rg4+ Kf8 33.e4 Qe6 34.
Nh4 Re8 35.Rf4 Ke7 36.Nf5+ Kd8 37.Ng7 Qe5 38.Nxe8 Kxe8 39.a4 a5 40.Qg4 Qe6
41.Qg8+ Ke7 42.Qa8 Rb4 43.Qxa5 Qd7 44.Qa8 Rxa4 45.Qh8 Qe6 46.Qb8 Rb4 47.
Qa8 h5 48.h4 Rb1 49.Qa4 Rb4 50.Qa8 Rb1 51.Qa4 Kf8 52.Rf5 Re1 53.Kf3 Rb1 
54.Qa8+ Ke7 55.Rxh5 Qb3+ 56.Kg4 Qd1+ 57.f3 Rb3 58.Rf5 Qd4 59.Qa7+ Kf8 60.
Qc7 c4 61.Qd8+ Kg7 62.Rh5 f5+ 63.Kh3 1-0

[Event "20th Asia-ch (w)"]
[Site "Tashkent UZB"]
[Date "2016.06.01"]
[Round "7.11"]
[White "Pratyusha, Bodda"]
[Black "Citra, Dewi Ardhiani Anastasia"]
[Result "1-0"]
[WhiteElo "2336"]
[BlackElo "2127"]
[EventDate "2016.05.26"]
[PlyCount "91"]

1.d4 Nf6 2.c4 g6 3.Nc3 Bg7 4.e4 d6 5.Be2 O-O 6.Nf3 e5 7.O-O Nc6 8.Be3 exd4
9.Nxd4 Re8 10.f3 Bd7 11.Qd2 a5 12.Rfe1 Kh8 13.Rad1 Nxd4 14.Bxd4 Bc6 15.Bf1
Qe7 16.Nb5 Bxb5 17.cxb5 Nd7 18.Bxg7+ Kxg7 19.Qc3+ Nf6 20.Rc1 Rec8 21.e5 
dxe5 22.Rxe5 Qb4 23.Rc5 Qxc3 24.R1xc3 Ne8 25.b6 c6 26.Ra3 Rd8 27.Raxa5 
Rab8 28.b4 Rd1 29.Re5 Nf6 30.Kf2 Nd7 31.Re7 Kf8 32.Re4 Nxb6 33.b5 Rd2+ 34.
Kg3 f5 35.Rh4 h5 36.bxc6 Nd5 37.Rb5 Ne3 38.Bc4 g5 39.Rxh5 Rxg2+ 40.Kh3 Kg7
41.Rxb7+ Rxb7 42.cxb7 g4+ 43.fxg4 fxg4+ 44.Kh4 Rxh2+ 45.Kg5 Rb2 46.Bb3 1-0

[Event "20th Asia-ch (w)"]
[Site "Tashkent UZB"]
[Date "2016.06.01"]
[Round "7.12"]
[White "Bayar Anu"]
[Black "Gomes, Mary Ann"]
[Result "0-1"]
[WhiteElo "1981"]
[BlackElo "2304"]
[EventDate "2016.05.26"]
[PlyCount "60"]

1.d4 f5 2.c4 Nf6 3.g3 g6 4.Bg2 Bg7 5.Nh3 O-O 6.Qb3 e6 7.O-O Ne4 8.e3 c5 9.
f3 Nf6 10.dxc5 Na6 11.Bd2 Nxc5 12.Qc2 a5 13.Nc3 e5 14.Nf2 d6 15.b3 Be6 16.
e4 f4 17.Rad1 fxg3 18.hxg3 Nh5 19.Kh2 Bc8 20.Be3 Ne6 21.Nb5 Nd4 22.Nxd4 
exd4 23.Bc1 Nxg3 24.Kxg3 Be5+ 25.f4 Rxf4 26.Bxf4 Qg5+ 27.Ng4 Bxg4 28.Qd2 
Bxd1+ 29.Kh2 Rf8 30.Qxd1 Bxf4+ 0-1

[Event "20th Asia-ch (w)"]
[Site "Tashkent UZB"]
[Date "2016.06.02"]
[Round "8.1"]
[White "Li Xueyi"]
[Black "Kulkarni, Bhakti Pradip"]
[Result "0-1"]
[WhiteElo "2105"]
[BlackElo "2296"]
[EventDate "2016.05.26"]
[PlyCount "80"]

1.d4 d5 2.c4 Nc6 3.cxd5 Qxd5 4.e3 e5 5.Nc3 Bb4 6.Bd2 Bxc3 7.Bxc3 exd4 8.
Ne2 Nf6 9.Nxd4 O-O 10.Nb5 Qg5 11.h4 Qh6 12.Nxc7 Rb8 13.Nd5 Ne4 14.Bb5 Nxc3
15.Nxc3 a6 16.Be2 Bf5 17.Qa4 b5 18.Qf4 Qxf4 19.exf4 Nd4 20.Rd1 Rbd8 21.g4 
Bc2 22.Rd2 Rfe8 23.Rh3 b4 24.Re3 bxc3 25.bxc3 Nxe2 26.Kxe2 Ba4 27.c4 Kf8 
28.Rxd8 Rxd8 29.Ra3 Bd1+ 30.Ke3 Bxg4 31.Rxa6 Bf5 32.Ra5 g6 33.Ra3 h5 34.
Rc3 Ra8 35.a3 Ke7 36.Kd4 Kd6 37.c5+ Kc6 38.Ke5 Ra5 39.Kf6 Rxc5 40.Re3 Rc2 
0-1

[Event "20th Asia-ch (w)"]
[Site "Tashkent UZB"]
[Date "2016.06.02"]
[Round "8.2"]
[White "Saduakasova, Dinara"]
[Black "Tokhiryonova, Gulrukhbegim"]
[Result "1-0"]
[WhiteElo "2415"]
[BlackElo "2390"]
[EventDate "2016.05.26"]
[PlyCount "118"]

1.d4 d5 2.c4 c6 3.Nc3 Nf6 4.e3 Bf5 5.cxd5 cxd5 6.Qb3 Nc6 7.Qxb7 Bd7 8.Qb3 
Rb8 9.Qd1 e5 10.dxe5 Nxe5 11.Be2 Qc7 12.Nf3 Bd6 13.Nd4 O-O 14.O-O Nc4 15.
b3 Nxe3 16.Bxe3 Qxc3 17.Rc1 Qa5 18.Nc6 Bxc6 19.Rxc6 Qd8 20.Bd4 Re8 21.Bf3 
Be5 22.g3 h6 23.Bxa7 Ra8 24.Bb6 Qd7 25.Rc2 Rab8 26.Bc5 Qf5 27.Rd2 Ne4 28.
Rxd5 Nc3 29.Qd3 Qxd3 30.Rxd3 Nxa2 31.Re1 Bf6 32.Rxe8+ Rxe8 33.Bd5 Rb8 34.
Bc4 Rb7 35.Kg2 g5 36.Rd6 Kg7 37.Ra6 Nb4 38.Rb6 Rxb6 39.Bxb6 Be7 40.Kf3 f5 
41.Ke3 Kf6 42.f3 h5 43.h3 Bd6 44.g4 hxg4 45.hxg4 Be7 46.Bd4+ Kg6 47.Bd3 
Nxd3 48.Kxd3 fxg4 49.fxg4 Kf7 50.Ke4 Ke6 51.Be3 Bf6 52.b4 Bd8 53.b5 Be7 
54.b6 Kd6 55.Kf5 Kc6 56.Bxg5 Bc5 57.Bd8 Be3 58.g5 Bd4 59.g6 Kd5 1-0

[Event "20th Asia-ch (w)"]
[Site "Tashkent UZB"]
[Date "2016.06.02"]
[Round "8.3"]
[White "Soumya, Swaminathan"]
[Black "Vaishali, Ramesh Babu"]
[Result "1-0"]
[WhiteElo "2346"]
[BlackElo "2322"]
[EventDate "2016.05.26"]
[PlyCount "87"]

1.e4 e5 2.Nf3 Nc6 3.Bb5 a6 4.Ba4 Nf6 5.O-O Be7 6.d3 b5 7.Bb3 d6 8.a4 Bg4 
9.c3 Na5 10.Ba2 c5 11.Nbd2 O-O 12.Re1 Rb8 13.h3 Bd7 14.axb5 axb5 15.Nf1 b4
16.cxb4 cxb4 17.d4 b3 18.Bb1 Qc7 19.Bd2 Nc4 20.Bc3 Rfe8 21.Bd3 exd4 22.
Nxd4 Ne5 23.Bb1 d5 24.exd5 Bd6 25.Nxb3 Qc4 26.Nbd2 Qf4 27.Ne4 Nxe4 28.Rxe4
Qh6 29.Qd4 f5 30.Re1 f4 31.Ra6 Qg5 32.Kh1 f3 33.Ng3 fxg2+ 34.Kxg2 Qh6 35.
Bf5 Bxf5 36.Nxf5 Qg5+ 37.Ng3 Nf7 38.h4 Qg6 39.Re6 Rxe6 40.dxe6 Bxg3 41.
exf7+ Qxf7 42.Kxg3 Rf8 43.Ra7 Qg6+ 44.Kh2 1-0

[Event "20th Asia-ch (w)"]
[Site "Tashkent UZB"]
[Date "2016.06.02"]
[Round "8.4"]
[White "Hoang Thi Bao Tram"]
[Black "Abdusattorova, Bakhora"]
[Result "1-0"]
[WhiteElo "2263"]
[BlackElo "2091"]
[EventDate "2016.05.26"]
[PlyCount "55"]

1.d4 Nf6 2.c4 e6 3.Nc3 Bb4 4.Bg5 h6 5.Bh4 c5 6.dxc5 Nc6 7.e3 g5 8.Bg3 Ne4 
9.Qc2 Nxc3 10.bxc3 Qf6 11.Ne2 Bxc5 12.Nd4 a6 13.Be2 e5 14.Nb3 Be7 15.c5 d6
16.cxd6 Bxd6 17.h4 Be6 18.Qe4 Bf5 19.hxg5 Bxe4 20.gxf6 Bxg2 21.Rh4 Rg8 22.
e4 O-O-O 23.Nd2 Nb4 24.cxb4 Bxb4 25.O-O-O Rd6 26.Bxe5 Ba3+ 27.Kb1 Rb6+ 28.
Ka1 1-0

[Event "20th Asia-ch (w)"]
[Site "Tashkent UZB"]
[Date "2016.06.02"]
[Round "8.5"]
[White "Pham Le Thao Nguyen"]
[Black "Vo Thi Kim Phung"]
[Result "1/2-1/2"]
[WhiteElo "2348"]
[BlackElo "2173"]
[EventDate "2016.05.26"]
[PlyCount "134"]

1.d4 Nf6 2.c4 e6 3.Nf3 d5 4.Nc3 Nbd7 5.Bg5 c6 6.cxd5 exd5 7.e3 Qa5 8.Nd2 
Ne4 9.Ndxe4 dxe4 10.Bh4 Bb4 11.Qc2 O-O 12.a3 Re8 13.Be2 Nb6 14.O-O Bxc3 
15.bxc3 c5 16.c4 Bd7 17.Bg3 Rac8 18.d5 Ba4 19.Qb2 Qa6 20.Rac1 f6 21.Rfe1 
Bd7 22.Rc2 Ba4 23.Rc3 Bd7 24.Qc1 Bf5 25.Rb3 Re7 26.Qc3 Bd7 27.h3 Rce8 28.
Reb1 Ba4 29.R3b2 Bd7 30.Qc1 Rc8 31.Bf1 Be8 32.Qc2 Ba4 33.Qc1 Be8 34.Rb3 
Ba4 35.Rc3 Be8 36.Qd2 Na4 37.Rc2 Nb6 38.Be2 Ba4 39.Rc3 Bd7 40.Qa2 Qa5 41.
Rcc1 Ba4 42.Bg4 Bd7 43.Bd6 Rf7 44.Be6 Qa6 45.Qc2 Na4 46.Bxf7+ Kxf7 47.Bg3 
Re8 48.Bc7 Rc8 49.d6 Re8 50.Qd2 Re5 51.Qc2 Qc6 52.Rb3 Rg5 53.Kf1 a6 54.
Rcb1 b5 55.cxb5 axb5 56.Rxb5 Qa6 57.Qc4+ Be6 58.Qxe4 Nc3 59.Qb7 Bc4+ 60.
Ke1 Bxb5 61.Rxb5 Qxb5 62.Qxb5 Nxb5 63.d7 Rd5 64.d8=Q Rxd8 65.Bxd8 Nxa3 66.
Kd2 Ke6 67.Kd3 f5 1/2-1/2

[Event "20th Asia-ch (w)"]
[Site "Tashkent UZB"]
[Date "2016.06.02"]
[Round "8.6"]
[White "Khademalsharieh, Sarasadat"]
[Black "Pourkashiyan, Atousa"]
[Result "1/2-1/2"]
[WhiteElo "2459"]
[BlackElo "2336"]
[EventDate "2016.05.26"]
[PlyCount "45"]

1.d4 Nf6 2.c4 e6 3.Nf3 d5 4.Nc3 Be7 5.Bf4 O-O 6.e3 Nbd7 7.Rc1 dxc4 8.Bxc4 
a6 9.O-O c5 10.dxc5 Nxc5 11.Ne5 Qxd1 12.Rfxd1 Rd8 13.Rxd8+ Bxd8 14.Rd1 Bd7
15.Nxd7 Ncxd7 16.Bd6 Ba5 17.b4 Rc8 18.Bb3 Bc7 19.Bxc7 Rxc7 20.Ne2 Kf8 21.
f3 Ke7 22.Kf2 Ne8 23.Rc1 1/2-1/2

[Event "20th Asia-ch (w)"]
[Site "Tashkent UZB"]
[Date "2016.06.02"]
[Round "8.7"]
[White "Mongontuul, Batchujagijn"]
[Black "Pratyusha, Bodda"]
[Result "1-0"]
[WhiteElo "2442"]
[BlackElo "2336"]
[EventDate "2016.05.26"]
[PlyCount "129"]

1.e4 e5 2.Nf3 Nc6 3.Bb5 a6 4.Ba4 Nf6 5.Qe2 Bc5 6.c3 b5 7.Bb3 d6 8.O-O O-O 
9.Rd1 Bg4 10.h3 Bh5 11.d3 Qe7 12.Nbd2 Bb6 13.Nf1 Rfe8 14.Ng3 Bg6 15.Nh4 
Na5 16.Nhf5 Qd7 17.Bc2 d5 18.Bg5 Qe6 19.b4 Nb7 20.Bb3 c6 21.Qf3 Rad8 22.h4
Bxf5 23.Nxf5 Nd6 24.Nh6+ Kf8 25.exd5 cxd5 26.Bxf6 Qxf6 27.Qxf6 gxf6 28.Ng4
Ke7 29.Bxd5 Nf5 30.Be4 Nxh4 31.Nh6 f5 32.Nxf5+ Nxf5 33.Bxf5 h6 34.Kf1 Kf6 
35.Be4 Re7 36.a4 Rc8 37.Rdc1 Rcc7 38.axb5 axb5 39.Ra6 Re6 40.Bd5 Rd6 41.c4
Ke7 42.Rca1 h5 43.Ke2 e4 44.dxe4 bxc4 45.Rc1 c3 46.Rc2 f5 47.exf5 Rxd5 48.
Rxb6 Rxf5 49.Rg6 Rc4 50.Rg3 Rxb4 51.Rgxc3 Rg4 52.Kf1 Ra5 53.f3 Rgg5 54.Rc6
Kd7 55.Kg1 Ra4 56.R6c5 Ra5 57.Rxa5 Rxa5 58.Re2 Kd6 59.Kh2 Kd5 60.Kh3 Kd4 
61.Kh4 Kd3 62.Re8 Ra2 63.Rg8 Ke3 64.Kxh5 Kf4 65.Kh4 1-0

[Event "20th Asia-ch (w)"]
[Site "Tashkent UZB"]
[Date "2016.06.02"]
[Round "8.8"]
[White "Nguyen Thi Mai Hung"]
[Black "Padmini, Rout"]
[Result "1-0"]
[WhiteElo "2276"]
[BlackElo "2433"]
[EventDate "2016.05.26"]
[PlyCount "127"]

1.d4 Nf6 2.Nf3 g6 3.g3 Bg7 4.Bg2 O-O 5.O-O d6 6.a4 Nbd7 7.a5 Rb8 8.Nc3 c5 
9.Nb5 a6 10.Na7 cxd4 11.Nxd4 Qc7 12.Nxc8 Rfxc8 13.c3 d5 14.Nc2 e6 15.Nb4 
Ra8 16.Be3 Nc5 17.Nd3 Nce4 18.Qa4 Qe7 19.Rfc1 Rc4 20.Qb3 Ng4 21.Bb6 Nd6 
22.Bc5 Rc8 23.Bb6 Nb5 24.e3 Nd6 25.Bf1 Ne4 26.Be2 Nh6 27.f3 Nd6 28.Nb4 
Nhf5 29.Bxc4 Nxc4 30.Kf2 Nxb6 31.axb6 Qc5 32.Nc2 Bh6 33.Re1 Rc6 34.Qb4 
Qxb6 35.Qxb6 Rxb6 36.Nb4 Bf8 37.Nd3 Nd6 38.Re2 Nc4 39.Ra2 f5 40.e4 dxe4 
41.fxe4 Bd6 42.Ra4 Rc6 43.Ra1 Bc7 44.Kg2 Kf7 45.Rf1 Kf6 46.g4 Bb6 47.Rf3 
Rc8 48.exf5 exf5 49.gxf5 gxf5 50.Nf4 Rd8 51.b3 Rg8+ 52.Rg3 Rxg3+ 53.hxg3 
Ne3+ 54.Kf3 Kg5 55.Rxe3 Bxe3 56.Kxe3 Kg4 57.Kf2 h5 58.Ne6 a5 59.c4 b6 60.
Nc7 f4 61.gxf4 Kxf4 62.Nd5+ Ke4 63.Nxb6 Kd4 64.Na4 1-0

[Event "20th Asia-ch (w)"]
[Site "Tashkent UZB"]
[Date "2016.06.02"]
[Round "8.9"]
[White "Yuan Ye"]
[Black "Guo Qi"]
[Result "1/2-1/2"]
[WhiteElo "2171"]
[BlackElo "2447"]
[EventDate "2016.05.26"]
[PlyCount "54"]

1.d4 Nf6 2.c4 e6 3.g3 d5 4.Nf3 dxc4 5.Bg2 c5 6.O-O Nc6 7.Qa4 Bd7 8.Qxc4 b5
9.Qd3 Rc8 10.dxc5 Bxc5 11.Nc3 Nb4 12.Qd2 O-O 13.a3 Nc6 14.e4 b4 15.axb4 
Nxb4 16.Qe2 Qb6 17.Rd1 Bc6 18.Ne5 Rfd8 19.Bg5 Rxd1+ 20.Rxd1 Qa5 21.Bxf6 
gxf6 22.Qg4+ Kf8 23.Nxc6 Nxc6 24.Qh4 Kg7 25.Qg4+ Kf8 26.Qh4 Kg7 27.Qg4+ 
Kf8 1/2-1/2

[Event "20th Asia-ch (w)"]
[Site "Tashkent UZB"]
[Date "2016.06.02"]
[Round "8.10"]
[White "Batchimeg, Tuvshintogs"]
[Black "Gomes, Mary Ann"]
[Result "1-0"]
[WhiteElo "2412"]
[BlackElo "2304"]
[EventDate "2016.05.26"]
[PlyCount "199"]

1.d4 g6 2.Nf3 Bg7 3.e4 c5 4.d5 d6 5.Be2 Nf6 6.Nc3 O-O 7.O-O Na6 8.Bg5 h6 
9.Bf4 Nc7 10.a4 Nh5 11.Be3 e6 12.dxe6 Nxe6 13.Qd2 Kh7 14.Rfd1 Qb6 15.Rab1 
Nf6 16.Qxd6 Nd4 17.e5 Qxd6 18.exd6 Nxe2+ 19.Nxe2 Bf5 20.Ne1 b6 21.Ng3 Bd7 
22.a5 Ng4 23.axb6 axb6 24.c3 f5 25.Bd2 Rf6 26.h3 Ne5 27.Bf4 Nf7 28.Nf3 Re6
29.h4 Ra4 30.Bc1 Rxd6 31.Rxd6 Nxd6 32.b3 Ra2 33.Bf4 Nb5 34.Re1 Nxc3 35.Be5
Nd5 36.Bxg7 Kxg7 37.Re5 Ra1+ 38.Kh2 Rd1 39.h5 Kf6 40.hxg6 Kxg6 41.Nh4+ Kf6
42.Nf3 Nf4 43.Re3 Be6 44.Ne5 b5 45.Nc6 Rd6 46.Na5 Rd3 47.Nh5+ Nxh5 48.Rxd3
Nf4 49.Rc3 c4 50.bxc4 bxc4 51.Nxc4 Ne2 52.Rc2 Nd4 53.Rd2 Nf3+ 54.gxf3 Bxc4
55.Kg3 Kg5 56.Rd4 Be2 57.f4+ Kg6 58.Rd2 Bf1 59.Kf3 Bh3 60.Rd6+ Kg7 61.Ke2 
Bg4+ 62.Ke3 Bh5 63.Kd4 Bg4 64.Ke3 Bh5 65.Rb6 Bd1 66.Rb1 Bc2 67.Rc1 Be4 68.
Kd4 Kf6 69.Rc3 Bg2 70.Rg3 Bf1 71.Rg1 Be2 72.Rh1 Kg6 73.Ke5 Bd3 74.Rg1+ Kf7
75.Rd1 Be4 76.Rd7+ Kg6 77.Rd6+ Kg7 78.Rb6 h5 79.Rb3 Kg6 80.Rh3 Bc2 81.Kd4 
Bd1 82.Ke3 Kh6 83.Kd2 Bg4 84.Rh2 Bf3 85.Ke1 Kg6 86.Kf1 Be4 87.Kg1 Bf3 88.
Rh3 Bd1 89.Kg2 Bc2 90.Kg3 Bd1 91.Kh4 Kf6 92.Rg3 Ke6 93.Kg5 h4 94.Kxh4 Kf6 
95.Rd3 Bc2 96.Rd6+ Ke7 97.Rb6 Be4 98.Kg5 Kf7 99.Rf6+ Kg7 100.Rxf5 1-0

[Event "20th Asia-ch (w)"]
[Site "Tashkent UZB"]
[Date "2016.06.02"]
[Round "8.11"]
[White "Hejazipour, Mitra"]
[Black "Nodiryanova, Nodira"]
[Result "1-0"]
[WhiteElo "2349"]
[BlackElo "2128"]
[EventDate "2016.05.26"]
[PlyCount "59"]

1.d4 d5 2.c4 dxc4 3.e4 Nf6 4.e5 Nd5 5.Bxc4 Nb6 6.Bd3 Nc6 7.Ne2 Nb4 8.Be4 
f5 9.exf6 exf6 10.Nf4 Qe7 11.O-O f5 12.Bc6+ Kf7 13.Re1 Qxe1+ 14.Qxe1 bxc6 
15.Qd1 g6 16.Nc3 Bg7 17.Qb3+ N4d5 18.Ncxd5 cxd5 19.a4 Re8 20.Bd2 c6 21.Re1
Ba6 22.Qc2 Rxe1+ 23.Bxe1 Bxd4 24.Qxc6 Rc8 25.Qe6+ Kg7 26.a5 Bb5 27.axb6 
Re8 28.Qxe8 Bxe8 29.b7 Be5 30.Bc3 1-0

[Event "20th Asia-ch (w)"]
[Site "Tashkent UZB"]
[Date "2016.06.02"]
[Round "8.12"]
[White "Gong Qianyun"]
[Black "Citra, Dewi Ardhiani Anastasia"]
[Result "0-1"]
[WhiteElo "2293"]
[BlackElo "2127"]
[EventDate "2016.05.26"]
[PlyCount "92"]

1.e4 c5 2.Nf3 g6 3.c4 Nc6 4.d4 cxd4 5.Nxd4 Nf6 6.Nc3 d6 7.f3 Nxd4 8.Qxd4 
Bg7 9.Be3 O-O 10.Qd2 a5 11.Na4 Be6 12.Nb6 Rb8 13.Qxa5 Nd7 14.Qb4 f5 15.
exf5 Rxf5 16.O-O-O Nxb6 17.Bxb6 Qe8 18.Bd3 Rc8 19.Kb1 Qf7 20.Rc1 Rf4 21.
Be3 Rh4 22.Qxb7 Qf8 23.Rc2 Rb8 24.Qa7 Ra8 25.Qc7 Rh5 26.Be4 Rc8 27.Qb7 Rb8
28.Qa7 Qd8 29.Qa3 Ra5 30.Qd3 Qd7 31.Bd2 Ra6 32.a3 Bf7 33.c5 Qe6 34.Kc1 d5 
35.Bxd5 Qxd5 36.Qxa6 Qa2 37.Bf4 Rd8 38.Rd2 Qa1+ 39.Kc2 Qxb2+ 40.Kd1 Qb3+ 
41.Ke1 Bc3 42.Qb6 Qd5 43.Ke2 Bxd2 44.Qxd8+ Qxd8 45.Bxd2 Bc4+ 46.Kd1 Qd3 
0-1

[Event "20th Asia-ch (w)"]
[Site "Tashkent UZB"]
[Date "2016.06.03"]
[Round "9.1"]
[White "Kulkarni, Bhakti Pradip"]
[Black "Hoang Thi Bao Tram"]
[Result "1/2-1/2"]
[WhiteElo "2296"]
[BlackElo "2263"]
[EventDate "2016.05.26"]
[PlyCount "95"]

1.d4 d5 2.c4 c6 3.Nf3 Nf6 4.e3 e6 5.Nc3 Nbd7 6.Qc2 Bd6 7.Bd3 h6 8.O-O O-O 
9.b3 b6 10.Bb2 Bb7 11.Rad1 Qe7 12.Rfe1 Rad8 13.e4 dxe4 14.Nxe4 Nxe4 15.
Bxe4 Nf6 16.Bd3 Bb8 17.c5 Qc7 18.b4 Nd5 19.a3 Rfe8 20.g3 Qc8 21.Qe2 f5 22.
Nh4 Qd7 23.Ng2 Qf7 24.Ne3 Bc8 25.Qf3 Bd7 26.Rd2 Bc7 27.cxb6 axb6 28.Rde2 
Ne7 29.Bc4 Kh8 30.Ng2 Nd5 31.Qb3 Bd6 32.Bc1 Qf6 33.Qd3 Ra8 34.f3 Rf8 35.
Bxd5 cxd5 36.Bf4 Bxf4 37.Nxf4 Rfe8 38.Rc2 Ra7 39.Rec1 Rea8 40.Rc3 Kh7 41.
Kf2 Ra6 42.Ke1 R8a7 43.Kd2 Qf8 44.Kc2 Ra4 45.Kb2 Qd6 46.Qe3 Ra8 47.Nd3 Qf8
48.Nf4 1/2-1/2

[Event "20th Asia-ch (w)"]
[Site "Tashkent UZB"]
[Date "2016.06.03"]
[Round "9.2"]
[White "Saduakasova, Dinara"]
[Black "Soumya, Swaminathan"]
[Result "1/2-1/2"]
[WhiteElo "2415"]
[BlackElo "2346"]
[EventDate "2016.05.26"]
[PlyCount "109"]

1.d4 d5 2.c4 c6 3.cxd5 cxd5 4.Bf4 Nf6 5.Nc3 Nc6 6.e3 Bf5 7.Qb3 Na5 8.Qa4+ 
Bd7 9.Qc2 e6 10.Bd3 Be7 11.h3 Rc8 12.Nf3 b5 13.a3 O-O 14.Ne5 a6 15.O-O Bc6
16.Nxc6 Rxc6 17.Qe2 Qb6 18.Rad1 Rfc8 19.Bg5 h6 20.Bxf6 Bxf6 21.e4 dxe4 22.
Qxe4 Bxd4 23.Qh7+ Kf8 24.Be4 R6c7 25.Rd3 Ke7 26.Rfd1 Be5 27.Re1 Rxc3 28.
bxc3 Rxc3 29.Bf3 Nc4 30.Red1 Rxd3 31.Qxd3 Bd6 32.Qc3 Be5 33.Qd3 Qd6 34.Qe4
Qxa3 35.Be2 f5 36.Qc6 Nd6 37.Qc7+ Kf6 38.Qd8+ Kg6 39.Qe7 Qa2 40.Bf3 Ne4 
41.Bxe4 fxe4 42.Qe8+ Kh7 43.Qc6 Qe2 44.Rf1 Bh2+ 45.Kxh2 Qxf1 46.Qxe4+ Kh8 
47.Qa8+ Kh7 48.Qe4+ g6 49.Qb7+ Kg8 50.Qc8+ Kf7 51.Qc7+ Kf6 52.Qf4+ Kg7 53.
Qc7+ Kf6 54.Qf4+ Kg7 55.Qc7+ 1/2-1/2

[Event "20th Asia-ch (w)"]
[Site "Tashkent UZB"]
[Date "2016.06.03"]
[Round "9.3"]
[White "Tokhiryonova, Gulrukhbegim"]
[Black "Mongontuul, Batchujagijn"]
[Result "1/2-1/2"]
[WhiteElo "2390"]
[BlackElo "2442"]
[EventDate "2016.05.26"]
[PlyCount "94"]

1.e4 c5 2.Nf3 e6 3.d4 cxd4 4.Nxd4 Nc6 5.Nc3 Qc7 6.Be3 a6 7.Qf3 Nf6 8.Nxc6 
bxc6 9.O-O-O d5 10.exd5 cxd5 11.Qg3 Qxg3 12.hxg3 Be7 13.Be2 Bb7 14.g4 Nd7 
15.g5 Rc8 16.Rh4 Nc5 17.f4 h6 18.Rh5 Kd7 19.gxh6 Rxh6 20.Rxh6 gxh6 21.f5 
Bg5 22.Bxg5 hxg5 23.b4 exf5 24.bxc5 Rxc5 25.Kb2 Ke6 26.g3 Ke5 27.Bd3 d4 
28.Re1+ Kf6 29.Ne2 Rd5 30.Rf1 Bc8 31.Bc4 Rd7 32.Kc1 Rc7 33.Bb3 d3 34.Nd4 
dxc2 35.Bxc2 Ke5 36.Nf3+ Kf6 37.Kb2 Rb7+ 38.Ka1 Rc7 39.Bb1 Rc4 40.Nd2 Rg4 
41.Kb2 Be6 42.Bc2 Ke5 43.Rf3 f4 44.gxf4+ Rxf4 45.Re3+ Kd4 46.Rd3+ Kc5 47.
Ra3 Kb6 1/2-1/2

[Event "20th Asia-ch (w)"]
[Site "Tashkent UZB"]
[Date "2016.06.03"]
[Round "9.4"]
[White "Vo Thi Kim Phung"]
[Black "Li Xueyi"]
[Result "1-0"]
[WhiteElo "2173"]
[BlackElo "2105"]
[EventDate "2016.05.26"]
[PlyCount "119"]

1.d4 d5 2.Nf3 Nf6 3.c4 c6 4.e3 e6 5.Nbd2 c5 6.dxc5 Bxc5 7.a3 O-O 8.b4 Be7 
9.Bb2 a5 10.b5 Nbd7 11.Be2 Bd6 12.O-O Qe7 13.cxd5 exd5 14.a4 Nc5 15.Nb3 
Nce4 16.h3 Bd7 17.Qd4 Rfc8 18.Rfc1 Bb4 19.Ne5 Be6 20.Nd3 Rc4 21.Qb6 d4 22.
Rxc4 Bxc4 23.Nbc1 Bc3 24.Bxc3 dxc3 25.Qd4 Rc8 26.Bf3 Ng5 27.Qxc3 Nxf3+ 28.
gxf3 Qd7 29.Ne5 Qxh3 30.Ncd3 Bxd3 31.Qxd3 Qe6 32.Qd4 h5 33.Rd1 Qf5 34.Nd7 
Nh7 35.Qd5 Qg6+ 36.Kh1 Qc2 37.Ne5 Qf5 38.Qd7 Qxd7 39.Rxd7 f6 40.Ng6 Rc1+ 
41.Kg2 b6 42.f4 Rc4 43.Ne7+ Kf8 44.Nf5 Rxa4 45.Rxg7 Ng5 46.fxg5 Rg4+ 47.
Kf3 Rxg5 48.Rxg5 fxg5 49.Ke4 a4 50.Kd3 Kf7 51.f3 a3 52.Kc3 h4 53.Nh6+ Ke6 
54.Ng4 Kd5 55.Nf2 Kc5 56.Kb3 Kxb5 57.Nh3 a2 58.Kxa2 Kc4 59.Nxg5 Kd3 60.e4 
1-0

[Event "20th Asia-ch (w)"]
[Site "Tashkent UZB"]
[Date "2016.06.03"]
[Round "9.5"]
[White "Nguyen Thi Mai Hung"]
[Black "Batchimeg, Tuvshintogs"]
[Result "1-0"]
[WhiteElo "2276"]
[BlackElo "2412"]
[EventDate "2016.05.26"]
[PlyCount "80"]

1.d4 Nf6 2.Nf3 g6 3.g3 Bg7 4.Bg2 O-O 5.O-O d5 6.c4 c6 7.Qb3 Qb6 8.Nc3 Rd8 
9.c5 Qxb3 10.axb3 Na6 11.h3 Bf5 12.Bf4 Ne8 13.Ra3 h6 14.g4 Be4 15.Ne5 g5 
16.Bg3 f6 17.Nxc6 Bxg2 18.Kxg2 Rd7 19.Na5 e5 20.e3 Nb4 21.Rd1 b6 22.cxb6 
axb6 23.Nc4 Rxa3 24.Nxa3 Nc7 25.Na4 Ne6 26.dxe5 fxe5 27.Nxb6 Rd8 28.Rc1 
Nd3 29.Rc6 Kf7 30.Nb5 Nb4 31.Rc1 Nd3 32.Ra1 Nec5 33.Ra7+ Kg6 34.Nc7 d4 35.
Nc4 Ne1+ 36.Kf1 Ned3 37.Ra5 Rb8 38.Nxe5+ Bxe5 39.Bxe5 dxe3 40.Bd4 e2+ 1-0

[Event "20th Asia-ch (w)"]
[Site "Tashkent UZB"]
[Date "2016.06.03"]
[Round "9.6"]
[White "Vaishali, Ramesh Babu"]
[Black "Khademalsharieh, Sarasadat"]
[Result "0-1"]
[WhiteElo "2322"]
[BlackElo "2459"]
[EventDate "2016.05.26"]
[PlyCount "86"]

1.e4 e5 2.Nf3 Nc6 3.Bc4 Bc5 4.O-O Nf6 5.d3 d6 6.c3 a6 7.Bb3 Ba7 8.Nbd2 h6 
9.Re1 Be6 10.Nf1 O-O 11.Ng3 Re8 12.Be3 Bxe3 13.Rxe3 d5 14.exd5 Nxd5 15.
Bxd5 Qxd5 16.Nh4 Qd7 17.Ne4 f5 18.Nc5 Qf7 19.Nxb7 Qe7 20.Qf3 e4 21.dxe4 
Ne5 22.Qg3 Ng4 23.exf5 Nxe3 24.Qxe3 Bf7 25.Qxe7 Rxe7 26.Nc5 Re2 27.b3 Rd8 
28.a4 a5 29.g4 Re5 30.Na6 Bxb3 31.Nxc7 Rd1+ 32.Rxd1 Bxd1 33.Ng6 Re1+ 34.
Kg2 Bxa4 35.Ne6 Bd7 36.Nd4 a4 37.Nc2 Rc1 38.Nb4 Rxc3 39.Ne7+ Kf7 40.Ned5 
Bc6 41.Nxc6 Rxc6 42.Kg3 a3 43.Nb4 Rb6 0-1

[Event "20th Asia-ch (w)"]
[Site "Tashkent UZB"]
[Date "2016.06.03"]
[Round "9.7"]
[White "Abdusattorova, Bakhora"]
[Black "Hejazipour, Mitra"]
[Result "1/2-1/2"]
[WhiteElo "2091"]
[BlackElo "2349"]
[EventDate "2016.05.26"]
[PlyCount "90"]

1.d4 Nf6 2.Bf4 e6 3.e3 b6 4.Nf3 Bb7 5.Bd3 Be7 6.h3 c5 7.c3 O-O 8.O-O d6 9.
Nbd2 cxd4 10.exd4 Nbd7 11.Qe2 a6 12.a4 Re8 13.Bh2 Bf8 14.Rad1 h6 15.Rfe1 
Qc7 16.Ne4 Qc6 17.Qc2 Nd5 18.Qb3 Rac8 19.Qa3 N7f6 20.Rc1 Nxe4 21.Bxe4 f5 
22.Bb1 Nf6 23.Qa2 Ne4 24.Nh4 Qd5 25.Qxd5 Bxd5 26.Ng6 Rc6 27.Bd3 Bc4 28.Bc2
b5 29.f3 Nf6 30.axb5 axb5 31.Ra1 Kf7 32.Nxf8 Kxf8 33.Ra7 Rd8 34.Rea1 Rd7 
35.R7a6 Rxa6 36.Rxa6 Ne8 37.b3 Bd5 38.Bd3 Rc7 39.Bxb5 Rxc3 40.Rb6 Rc1+ 41.
Kf2 Rc2+ 42.Kf1 Rc1+ 43.Kf2 Rc2+ 44.Kf1 Rc1+ 45.Kf2 Rc2+ 1/2-1/2

[Event "20th Asia-ch (w)"]
[Site "Tashkent UZB"]
[Date "2016.06.03"]
[Round "9.8"]
[White "Pourkashiyan, Atousa"]
[Black "Pham Le Thao Nguyen"]
[Result "1/2-1/2"]
[WhiteElo "2336"]
[BlackElo "2348"]
[EventDate "2016.05.26"]
[PlyCount "123"]

1.e4 e5 2.Nf3 Nc6 3.Bb5 Nf6 4.d3 Bc5 5.Bxc6 dxc6 6.Nbd2 O-O 7.Qe2 Re8 8.
Nc4 Nd7 9.h4 f6 10.h5 Nf8 11.Bd2 Be6 12.a3 Qd7 13.Ne3 a5 14.Nh4 Bd4 15.Bc1
Bxe3 16.Qxe3 Bg4 17.h6 g5 18.Nf3 Ne6 19.Bd2 c5 20.Nh2 Nd4 21.Rc1 Bh5 22.f3
Ra6 23.Nf1 Bg6 24.Ng3 a4 25.Bc3 Qb5 26.Nf1 Rd8 27.Nd2 Qd7 28.g3 b5 29.Kf2 
Ne6 30.Nf1 Rb8 31.Kg2 Rd6 32.Qe1 c6 33.Ne3 Nd4 34.Rf1 Re8 35.Rd1 Qe7 36.
Rd2 Qf8 37.Rh1 f5 38.exf5 Bxf5 39.Nxf5 Qxf5 40.Bxd4 cxd4 41.Qe4 Qg6 42.Re2
Kf7 43.Qg4 Rde6 44.Rh5 Rg8 45.Kf2 Qf6 46.Kg2 Rg6 47.Re1 Ke7 48.Re2 Kd6 49.
Re1 Re8 50.Qe4 Re7 51.Qg4 Re8 52.c3 dxc3 53.bxc3 Rf8 54.Re3 Kc7 55.Qe4 Rd8
56.Rh1 Kb6 57.Rb1 Rxh6 58.c4 Rd4 59.Qxe5 Qxe5 60.Rxe5 Rxd3 61.cxb5 Rd2+ 
62.Kg1 1/2-1/2

[Event "20th Asia-ch (w)"]
[Site "Tashkent UZB"]
[Date "2016.06.03"]
[Round "9.9"]
[White "Guo Qi"]
[Black "Uuriintuya, Uurtsaikh"]
[Result "1/2-1/2"]
[WhiteElo "2447"]
[BlackElo "2172"]
[EventDate "2016.05.26"]
[PlyCount "102"]

1.d4 Nf6 2.Nf3 g6 3.c4 Bg7 4.Nc3 d6 5.e4 O-O 6.Be2 Na6 7.O-O e5 8.Re1 Qe8 
9.Bg5 Bg4 10.h3 Bxf3 11.Bxf3 Nd7 12.Be3 Nb4 13.d5 a5 14.a3 Na6 15.Rb1 f5 
16.b4 axb4 17.axb4 Kh8 18.Nb5 f4 19.Bd2 Nf6 20.Ra1 Rf7 21.Ra3 Bf8 22.Qe2 
Rg7 23.Rea1 Rd8 24.g4 fxg3 25.fxg3 Qd7 26.Kg2 Rf7 27.Na7 Bg7 28.Nc6 Rdf8 
29.Na5 b6 30.Nc6 Nb8 31.Nxb8 Rxb8 32.Ra8 Qd8 33.Rxb8 Qxb8 34.Be3 Qf8 35.c5
bxc5 36.bxc5 Nxd5 37.exd5 e4 38.Rf1 exf3+ 39.Rxf3 Rxf3 40.Qxf3 dxc5 41.Qe4
Bf6 42.Bf4 Qb8 43.h4 Kg7 44.Qa4 Qb2+ 45.Kh3 Qe2 46.Qd7+ Be7 47.Bxc7 Qf1+ 
48.Kh2 Qf2+ 49.Kh1 Qf1+ 50.Kh2 Qf2+ 51.Kh1 Qf5 1/2-1/2